Meilleur vitesse 7g - Statistiques

Statistiques générales
  • Ce quiz a été pris 10 fois
  • Le résultat moyen est 12 sur 15
Statistiques - réponses
Hint Réponse % Correct
151 cancrelove
100%
109 katagami
100%
125 marshadow
100%
130 tokorico
100%
143 zeraora
100%
117 malamandre
83%
121 mandrillon
83%
129 necrozma ultra
83%
110 lougaroc crepusculaire
67%
110 lougaroc diurne
67%
107 pierroteknik
67%
103 zeroid
67%
120 meteno
50%
124 rubombelle
50%
100 guerilande
33%
Aucun quiz correspondant
Distribution des résultats
% des personnes avec chaque résultat
Percentile par nombre de réponses
Votre historique - résultats
Vous n’avez pas pris ce quiz